000 00480nam a2200181Ia 4500
005 20250326130207.0
008 250326s9999 xx 000 0 und d
037 _aTextbook
040 _aFMSL
_beng
_cFMSL
041 _aeng
_2eng
084 _aX9W:Z2.44 L1
_qFMSL
100 _aSingh A
_9129342
245 0 _aIndian company law
_cSingh A
260 _aDelhi
_bDelhi, Eastern
_c1971
300 _a533p
942 _cTB
_hX9W:Z2.44 L1
999 _c1281391
_d1281391